La Costa Rica del siglo XXI que anhela la juventud costarricense /

Պահպանված է:
Մատենագիտական մանրամասներ
Հիմնական հեղինակ: Carrillo Delgado, María de los Angeles
Համատեղ հեղինակներ: Universidad Nacional. Instituto de Estudios Sociales en Población, Costa Rica. Ministerio de Ambiente y Energía
Այլ հեղինակներ: González Calvo, Hugo, Osés Cordero, Carlos, Sandoval Carvajal, Irma, Varela Jara, Julio, Vega Cruz, Celia María
Ձևաչափ: Տեքստ
Հրապարակվել է: Heredia: IDESPO. CINPE. MINAE
Ցուցիչներ: Ավելացրեք ցուցիչ
Չկան պիտակներ, Եղեք առաջինը, ով նշում է այս գրառումը!

MARC

LEADER 00000 a a2200000 04500
001 12104
003
040
090 |a 141900  
100 |a Carrillo Delgado, María de los Angeles  
110 |a Universidad Nacional. Instituto de Estudios Sociales en Población  
245 |a La Costa Rica del siglo XXI que anhela la juventud costarricense /  |c Universidad Nacional. Instituto de Estudios Sociales en Población  
260 |a Heredia:   |b IDESPO. CINPE. MINAE  
300 |a 183 p.. Anexos  
300 |b **no definido**   |b fonodiscos   |b **no definido**  
700 |a González Calvo, Hugo  
700 |a Osés Cordero, Carlos  
700 |a Sandoval Carvajal, Irma  
700 |a Varela Jara, Julio  
700 |a Vega Cruz, Celia María  
710 |a Costa Rica. Ministerio de Ambiente y Energía  
999 |c 3355  |d 3355